[Event "Romanian-ch Women 2022"]
[Site "Eforie Nord"]
[Date "2022.02.23"]
[Round "5.5"]
[White "Nikanova, Ekaterina"]
[Black "Cosman, Andreea-Marioara"]
[Result "1/2-1/2"]
[WhiteElo "1935"]
[BlackElo "2127"]
[Annotator "TA"]
[PlyCount "163"]
[EventDate "2022.02.20"]
[EventType "swiss"]
[EventCountry "ROU"]
[SourceTitle "playchess.com"]
[Source "ChessBase"]
[SourceQuality "1"]

{[%evp 13,163,19,25,11,40,0,81,6,20,0,4,0,43,50,57,43,39,51,41,28,45,36,32,29,7,12,0,7,0,-17,-16,-3,-10,-35,-27,-20,0,0,16,37,68,60,66,53,103,91,100,111,130,130,189,140,675,73,153,159,153,129,175,176,215,147,205,195,280,180,185,154,283,283,278,277,273,270,665,654,650,636,635,396,893,156,191,192,191,185,210,182,181,169,183,128,132,114,111,44,44,44,44,44,44,44,44,44,64,64,64,44,54,38,93,23,23,23,23,23,23,0,23,23,23,0,0,0,23,0,51,0,0,0,0,0,0,0,0,0,0,0,0,0,0,0,0,0,0,0,0,0,0,0,0,0]} 1. e4 {Atul Dahale} c5 2. Nf3 d6 3. d4 Nf6 4. Nc3 cxd4 5. Nxd4 a6 6. Be3 e5 7. Nb3 Be6 8. h3 {B90: Sicilian Najdorf: Unusual White 6th moves, 6 Be3 Ng4 and 6 Be3 e5.} h5 {[#]} 9. a4 $146 ({Predecessor:} 9. Be2 Nbd7 10. O-O Rc8 11. Qd2 b5 12. Rfd1 Nb6 13. Bxb6 Qxb6 14. a4 b4 15. Nd5 Nxd5 16. exd5 {0-1 (43) Anand,V (2794)-Kovalyov,A (2649) Tbilisi 2017 CBM 181 [Atul Dahale]}) 9... b6 (9... Nc6 $11 {keeps the balance.}) 10. Qf3 {White is more active.} (10. f4 $16) 10... Nc6 $11 11. Bd3 Nb4 12. Nd2 Be7 (12... Bg4 $1 $11 {should be considered.} 13. Qg3 (13. hxg4 hxg4 14. Rxh8 gxf3 $17) 13... h4) 13. O-O $14 Qc7 14. Bg5 Ng8 15. Bxe7 Nxe7 16. Rac1 Rh6 17. Rfd1 Kf8 18. Nf1 Nec6 19. Ng3 Nd4 20. Qe3 Re8 21. Nge2 Qc5 22. Ng3 h4 23. Nf1 Rg6 24. Kh1 Nxd3 25. Qxd3 b5 26. axb5 axb5 27. Ne3 Bc4 28. Qd2 Rc8 ({Black should play} 28... Be6 $14) 29. Ncd5 $16 Bxd5 30. Nxd5 Ne6 31. c3 {Inhibits Qd4.} Ng5 (31... Re8 $16 {is a better defense.} 32. Ra1 Kg8) 32. Qe2 (32. f3 $18) 32... Qc4 $2 {[%mdl 8192]} (32... Ne6 $16 33. Ra1 Nf4 34. Nxf4 exf4) 33. Re1 $2 (33. Qh5 $18 {[%cal Rh5h8]} Rh6 34. Qxg5) 33... Ne6 (33... Qxe2 $142 34. Rxe2 Ne6) 34. Qh5 $40 {[%cal Rh5h8][%mdl 128] Black is in trouble.} Rh6 {Prevents Qh8+.} 35. Qg4 Rd8 (35... Rb8 $16 36. Ra1 Qc8) 36. Ra1 $18 Qc5 37. Rf1 Nc7 (37... Rb8 $16 38. Ra5 Qc8) 38. Ne3 $1 ({But not} 38. Qg5 $6 f6 39. Qg4 (39. Qd2 Nxd5 40. Qxd5 Qxd5 $14) 39... Nxd5 40. exd5 Qc4 $14) 38... d5 (38... Rh8 $142 39. Ra2 (39. b4 Qb6 $16) 39... Ne8) 39. Nf5 Rh7 40. Nxh4 d4 (40... Ne8 $16) 41. cxd4 exd4 42. Rfc1 Qb6 43. Ng6+ Kg8 $2 (43... Qxg6 44. Qxg6 fxg6) 44. Ne7+ Kf8 45. Nc6 Re8 46. Qf5 Kg8 (46... g6 47. Qd7 Na6) 47. Nxd4 $2 Qxd4 48. Rxc7 g6 49. Qxb5 Qxe4 50. Rc3 Rh5 51. Qb6 {aiming for Re3.} Rg5 {[%csl Gg5][%cal Re4g2]} 52. Rg1 ({Better is} 52. Rf3 $18) 52... Qe2 $16 53. Re3 Rxe3 54. Qxe3 (54. fxe3 $16 Qd3 55. Qf6) 54... Qxe3 $14 55. fxe3 $16 {[%mdl 4096] Endgame Threatens to win with b4. KR-KR} Rb5 56. Rb1 {Hoping for b4.} Rb3 57. Kg1 Kg7 58. Kf2 Kf6 59. Kf3 Ke5 60. g3 f6 61. h4 f5 {[#]} (61... Ke6 $1 $14) 62. Ra1 (62. Rc1 $1 $16 {[%cal Rc1c6]}) 62... Kf6 $11 63. Ra6+ Kf7 64. Ra7+ Kf6 65. Ra6+ Kf7 66. Ra2 Kf6 67. Kf4 {Strongly threatening Ra6+.} Rb4+ $1 68. Kf3 Rb3 69. Ra6+ Kf7 70. g4 ({White should try} 70. Ra5 $14) 70... fxg4+ {The position is equal.} 71. Kxg4 Rxb2 72. e4 Rg2+ 73. Kf4 Rh2 74. Ra7+ Kf6 75. e5+ Ke6 76. Ra6+ Kf7 77. Kg5 Rg2+ 78. Kh6 {Black must now prevent Rf6+.} Rg4 79. Rf6+ Ke7 80. Rxg6 Rxh4+ 81. Kg5 Rh1 82. Ra6 {White really could win this.  Weighted Error Value: White=0.44/Black=0.43} 1/2-1/2

[Event "Romanian-ch Women 2022"]
[Site "Eforie Nord"]
[Date "2022.02.23"]
[Round "5.6"]
[White "Obada, Ema"]
[Black "Marin, Irina-Luiza"]
[Result "1-0"]
[WhiteElo "2010"]
[BlackElo "2058"]
[Annotator "NA RC"]
[PlyCount "75"]
[EventDate "2022.02.20"]
[EventType "swiss"]
[EventCountry "ROU"]
[SourceTitle "playchess.com"]
[Source "ChessBase"]
[SourceQuality "1"]
[TimeControl "40/5400+30:900+30"]

1. e4 {[%emt 0:00:03]} c6 {[%emt 0:00:07]} 2. d4 {[%emt 0:00:05]} d5 {[%emt 0:00:10]} 3. e5 {[%emt 0:00:06]} g6 {[%emt 0:00:09]} 4. Nc3 {[%emt 0:00:30]} Bg7 {[%emt 0:00:24]} 5. Bf4 {[%emt 0:00:57]} f6 {[%emt 0:03:40]} 6. Qd2 $1 {[%emt 0:03:37]} fxe5 {[%emt 0:04:27]} 7. dxe5 {[%emt 0:01:31]} Nd7 {[%emt 0:06:48]} 8. Nf3 {[%emt 0:01:21]} e6 {[%emt 0:09:40]} (8... Nc5 $14) 9. O-O-O {[%emt 0:01:49]} Ne7 {[%emt 0:01:52]} 10. h4 $14 {[%emt 0:01:33]} b5 {[%emt 0:12:29]} 11. h5 {[%emt 0:04:05]} b4 {[%emt 0:01:57]} 12. Nb1 {[%emt 0:09:29]} Qc7 {[%emt 0:15:01]} 13. Re1 {[%emt 0:05:43]} a5 {[%emt 0:05:35]} 14. Bh6 {[%emt 0:11:24]} Bf8 {[%emt 0:13:37]} 15. Qg5 {[%emt 0:10:29]} Nc5 {[%emt 0:01:44]} 16. Nbd2 {[%emt 0:01:37]} Bxh6 {[%emt 0:06:18]} 17. Qxh6 {[%emt 0:00:08]} Nf5 {[%emt 0:00:25]} 18. Qf4 {[%emt 0:02:21]} gxh5 {[%emt 0:00:42]} 19. Rxh5 {[%emt 0:00:23]} Qf7 {[%emt 0:00:58]} 20. Qh2 {[%emt 0:01:02]} Ra7 {[%emt 0:01:30]} 21. g4 {[%emt 0:00:21]} Ng7 {[%emt 0:03:11]} 22. Rxh7 {[%emt 0:01:10]} Rf8 {[%emt 0:01:29]} 23. Rh8 {[%emt 0:04:10]} a4 {[%emt 0:02:07]} 24. Ng5 {[%emt 0:01:28]} Qe7 {[%emt 0:00:09]} 25. Rxf8+ {[%emt 0:00:23]} Qxf8 {[%emt 0:00:09]} 26. Nh7 {[%emt 0:00:12]} Qe7 {[%emt 0:01:01]} 27. Nf6+ {[%emt 0:01:14]} Kd8 {[%emt 0:00:12]} 28. Re3 {[%emt 0:03:06]} Kc7 {[%emt 0:01:04]} 29. Rh3 {[%emt 0:00:55]} Bd7 {[%emt 0:02:01]} 30. f4 {[%emt 0:05:38]} b3 {[%emt 0:01:09]} 31. cxb3 {[%emt 0:02:02]} axb3 {[%emt 0:00:11]} 32. a3 {[%emt 0:00:38]} Ne8 {[%emt 0:03:09]} 33. Rh7 {[%emt 0:00:51]} Qd8 {[%emt 0:00:10]} 34. Nxd7 {[%emt 0:03:25]} Nxd7 {[%emt 0:00:10]} 35. Nxb3 {[%emt 0:00:11]} Kb8 {[%emt 0:01:01]} 36. Qc2 {[%emt 0:00:47]} Rb7 {[%emt 0:02:18]} 37. Nd4 {[%emt 0:00:55]} c5 {[%emt 0:00:35]} 38. Nc6+ {[%emt 0:00:10]} 1-0

[Event "Romanian-ch Women 2022"]
[Site "Eforie Nord"]
[Date "2022.02.23"]
[Round "5.7"]
[White "Baciu, Anca-Otilia"]
[Black "Didiliuc, Dariana-Gabriela"]
[Result "1-0"]
[WhiteElo "2014"]
[BlackElo "1841"]
[Annotator "TA"]
[PlyCount "77"]
[EventDate "2022.02.20"]
[EventType "swiss"]
[EventCountry "ROU"]
[SourceTitle "playchess.com"]
[Source "ChessBase"]
[SourceQuality "1"]

{[%evp 21,77,9,14,6,52,56,57,53,65,47,57,45,58,40,40,7,4,6,50,23,59,49,53,47,67,50,97,96,127,134,179,173,288,265,285,280,485,493,561,565,560,548,606,599,565,436,620,629,614,553,823,814,829,827,800,791,774,761]} 1. e4 e6 2. d4 d5 3. Nd2 c5 4. exd5 exd5 5. Bb5+ Bd7 6. Qe2+ Qe7 7. Bxd7+ Nxd7 8. dxc5 Qxe2+ 9. Nxe2 Bxc5 10. Nb3 Bb6 11. O-O Ngf6 12. Bf4 {C08: French Tarrasch: 3...c5 4 exd5 exd5 sidelines.} Ne4 (12... O-O $11) 13. Rad1 $14 Ndf6 {[#]} 14. Nbd4 $146 {White is slightly better.} ({Predecessor:} 14. Ned4 O-O 15. f3 Nc5 16. Nxc5 Bxc5 17. Be3 Rfe8 18. Bf2 a6 19. Rfe1 g6 20. c3 {½-½ (34) Dhyana,P (1900)-Chinnam,V (1664) Managiri 2019}) 14... O-O 15. h3 Rac8 16. c3 Rfe8 17. Be3 Nd6 18. g4 Nc4 {[%csl LRb2,LRe3]} 19. Bc1 h6 (19... h5 $11) 20. Kg2 a6 21. Nf4 {[%cal Be2f4,Bf4d3,Bd3c5][%mdl 32]} Bc7 {[%cal Oc4b2]} 22. Nd3 Bd6 23. Nf5 {[#] Strongly threatening b3.} Bb8 {Black is on the road to losing.} (23... Bf8 $14 {should be considered.}) 24. Rfe1 $16 {Threatens to win with Ne7+.} Rxe1 25. Rxe1 {aiming for Ne7+.} Rd8 {[#]} (25... Kh7 $16) 26. Nc5 $1 $18 Ba7 (26... Ne4 $142) 27. Nxb7 ({Inferior is} 27. Ne7+ Kh7 28. Nxb7 Rd7 $11) 27... Rd7 28. Re7 Rxe7 $2 (28... Kh7 {might work better.} 29. Rxd7 (29. b3 Ne5 $18) 29... Nxd7) 29. Nxe7+ {White is clearly winning.} Kf8 30. Nc6 Bb6 31. b3 Ne4 32. bxc4 dxc4 33. Ne5 {Black must now prevent Nd7+.} Ba7 (33... Bc7 $142 34. Nxc4 Nxc3) 34. Ba3+ Kg8 35. Bb4 Nxf2 36. Nc6 Bb6 37. Ne7+ Kh7 38. Nc8 Be3 39. Kf3 {Weighted Error Value: White=0.12 (very precise) /Black=0.45} 1-0

[Event "Romanian-ch Women 2022"]
[Site "Eforie Nord"]
[Date "2022.02.23"]
[Round "5.8"]
[White "Dragomirescu, Angela"]
[Black "Anghel, Maria"]
[Result "1-0"]
[WhiteElo "2167"]
[BlackElo "1834"]
[Annotator "TA"]
[PlyCount "125"]
[EventDate "2022.02.20"]
[EventType "swiss"]
[EventCountry "ROU"]
[SourceTitle "playchess.com"]
[Source "ChessBase"]
[SourceQuality "1"]

{[%evp 13,125,0,1,0,18,22,28,27,27,18,27,20,36,20,15,25,30,42,56,38,73,78,119,117,118,122,108,67,67,64,66,45,62,57,60,50,89,77,79,88,90,49,85,81,129,128,194,169,145,124,132,84,83,0,118,97,182,129,170,123,93,0,113,104,339,125,140,136,582,137,291,178,178,178,178,147,178,178,264,251,334,366,388,362,840,840,796,721,812,788,945,921,1818,1741,1690,1641,12822,5895,12829,12822,2754,1954,12831,12831,12832,12832,12074,10625,6729,12354,12845,12845,12844,12844]} 1. d4 d5 2. Nf3 Nf6 3. g3 c6 4. Bg2 Bf5 5. O-O h6 6. c4 e6 7. b3 Nbd7 8. Bb2 {D11: Slav Defence: 3 Nf3 sidelines and 3...Nf6 4 e3 Bg4.} Ne4 9. Nfd2 Ndf6 10. f3 {White has an edge.} Nxd2 11. Nxd2 {[#]} Be7 $146 ({Predecessor:} 11... Bg6 12. e4 Bb4 13. e5 Nd7 14. a3 Bxd2 15. Qxd2 dxc4 16. bxc4 Nxe5 17. Qb4 a5 {0-1 (27) Nguyen,Q (1803)-Tran,M (2337) Ba Dinh 2018}) 12. e4 Bg6 13. Qe2 O-O 14. e5 Nd7 15. f4 Bb4 16. Rf2 Bxd2 17. Qxd2 f6 (17... a5 $142) 18. Ba3 $16 {aiming for cxd5.} Re8 19. Rc1 Nb6 20. exf6 ({White should try} 20. Bc5 $16) 20... Qxf6 $14 21. Bd6 Nd7 22. Re2 Qf7 23. Be5 (23. h3 {with more complications.} Nf6 24. Be5 h5 25. Re3 Bf5 26. Kh2) 23... Nf6 24. Bxf6 (24. h3 {looks sharper.} h5 25. Re3 Bf5 26. c5 a5 27. Qe2) 24... Qxf6 25. c5 h5 26. Bf3 h4 27. Re5 (27. Rce1 $16) 27... hxg3 28. hxg3 {[%cal Bh2g3,Bg3g4][%mdl 32]} Bf5 (28... Rf8 $142) 29. Rce1 $16 Kf7 {[#]} (29... b6 $16) 30. g4 $1 $18 Qg6 31. Qg2 {White is more active.} Bd3 32. R1e3 (32. b4 $142) 32... Bb1 $16 33. Re1 {[%cal Of4f5] And now f5! would win.} Bd3 {Inhibits f5.} 34. R5e3 Bb5 (34... Rad8 $16) 35. a4 ({Better is} 35. Qf2 $18) 35... Ba6 (35... Bd3 $16 36. Rd1 Be4) 36. Bd1 (36. Qf2 $18) 36... Bd3 37. Bf3 {To avoid Be4} ({White should play} 37. Kf2 $16) 37... a5 (37... Ba6 $1 $11 {keeps the balance.}) 38. Re5 Qf6 $2 (38... Rad8 $16) 39. Qg3 $2 (39. Qd2 $18 {is the precise move to win.}) 39... Bc2 40. Bg2 Bg6 $2 {[%mdl 8192]} (40... Kf8 $16 {is more resistant.} 41. R1e3 Rab8) 41. Qe3 $2 (41. g5 $18 Qd8 42. Bh3) 41... Be4 $2 (41... Kg8 $16 42. Re2 (42. Rxe6 Qh4 $11) 42... Qf7) 42. g5 ({Don't take} 42. Bxe4 $6 dxe4 43. Qxe4 Rad8 $16) 42... Qg6 43. Bxe4 dxe4 44. Qxe4 Qxe4 45. R5xe4 $18 {[%mdl 4096] Endgame KRR-KRR} ({Don't do} 45. R1xe4 Re7 46. Kg2 Rae8 $16) 45... g6 (45... Rad8 $142 46. Kf2 Re7) 46. Kf2 Re7 47. Rh1 {[#] Hoping for Rh7+.} Kg7 {Prevents Rh7+.} 48. Re3 Rh8 (48... Rf8 49. Kf3 Ref7) 49. Rxh8 {White is clearly winning.} Kxh8 {KR-KR} 50. Kf3 Kg7 51. Ke4 Kf7 52. Rh3 {Black must now prevent Rh7+.} Kg7 {Prevents Rh7+.} 53. b4 axb4 54. Rb3 Rd7 55. Rxb4 Kf7 56. Rb6 Ke7 57. a5 {Threatens to win with a6.} Rc7 58. Ke5 Rd7 59. a6 bxa6 60. Rxa6 Rc7 61. Rb6 Kd8 62. Rb8+ Ke7 63. Rh8 {Weighted Error Value: White=0.44/Black=0.48} 1-0

[Event "Romanian-ch Women 2022"]
[Site "Eforie Nord"]
[Date "2022.02.23"]
[Round "5.9"]
[White "Bucur, Denisa-Andreea"]
[Black "Matasaru, Stephanie"]
[Result "0-1"]
[WhiteElo "2023"]
[BlackElo "1861"]
[Annotator "TA"]
[PlyCount "122"]
[EventDate "2022.02.20"]
[EventType "swiss"]
[EventCountry "ROU"]
[SourceTitle "playchess.com"]
[Source "ChessBase"]
[SourceQuality "1"]

{[%evp 11,122,4,15,0,26,26,24,22,29,25,40,32,59,52,64,62,91,91,92,95,92,85,147,131,141,133,193,187,204,213,215,194,241,238,234,168,291,298,294,292,274,288,281,67,75,60,67,55,66,39,40,25,25,31,39,0,50,62,53,61,62,0,0,0,0,0,-3,-35,-38,-152,-146,-257,-206,-405,-397,-372,-333,-12846,-261,-12847,-12847,-12847,-5093,-2122,-1159,-12838,-12839,-12839,-12839,-12841,-12841,-12841,-12841,-12841,-12839,-12841,-12842,-12848,-12848,-12849,-12843,-12843,-12843,-12848,-12845,-12846,-12847,-12847,-12847,-12847,-12847,-12849,-12849]} 1. Nf3 d5 2. e3 Nf6 3. b3 Bg4 4. Bb2 e6 5. c4 c6 6. Be2 Nbd7 7. d4 {A12: English Opening: 1...c6 with b3 by White.} Bxf3 8. Bxf3 Bd6 9. O-O {White has an edge.} O-O 10. Nc3 Re8 11. g3 {[#]} Nf8 $146 ({Predecessor:} 11... Qe7 12. a3 Rad8 13. Qc2 dxc4 14. bxc4 e5 15. Bg2 h5 16. Qb3 {½-½ (16) Nikolic,Z (2417)-Dmitrovic,T (2266) Vrnjacka Banja 2007}) 12. Qc2 Ng6 13. Rad1 h5 14. e4 dxe4 15. Nxe4 Nxe4 16. Bxe4 f5 (16... Qg5 $142) 17. Bg2 Qg5 18. f4 Qe7 {[#]} (18... Qh6 $16 {is a better defense.} 19. d5 Bc5+ 20. Bd4 Bxd4+ 21. Rxd4 cxd5) 19. d5 $1 $36 {[%mdl 2048] White is on the roll.} cxd5 20. cxd5 Rac8 21. Qd3 {Black must now prevent dxe6.} Bc5+ (21... Red8 $142 22. Qe2 h4 23. dxe6 (23. Qxe6+ Qf7 $16) 23... b5) 22. Kh1 {dxe6 is the strong threat.} Rcd8 23. Qc4 b5 (23... Kh7 $142 24. dxe6 Nf8) 24. Qxb5 exd5 25. Rxd5 ({Less strong is} 25. Bxd5+ Rxd5 26. Qc4 Red8 $16) 25... Rxd5 26. Bxd5+ Kh7 27. Qb7 $2 (27. Bf3 $18) 27... Qxb7 $14 28. Bxb7 {aiming for Rc1.} Re2 29. Rb1 h4 30. Bc8 hxg3 31. hxg3 Ne7 32. Ba6 Rd2 33. a3 Bf2 (33... Nd5 $11) 34. Bc3 Rd6 35. Bc4 {And now Bb4 would win. This bishop pair is nice.} Bxg3 36. Rf1 ({White should try} 36. Bb4 $14 Rh6+ 37. Kg2) 36... Ng6 $11 37. Kg2 Bxf4 38. Rh1+ Bh6 39. Bb4 Rd4 40. Kf2 (40. Re1 $15) 40... Ne5 $17 41. Bc5 (41. Bb5 $17 {keeps fighting.}) 41... Rd2+ ({Wrong is} 41... Rf4+ $2 42. Kg3 Rg4+ 43. Kf2 Nxc4 44. bxc4 $19) 42. Kg3 $2 (42. Kf1) 42... f4+ 43. Kh3 g5 {[%cal Bg7g5,Bg5g4][%mdl 32]} 44. Bxa7 $2 (44. Rg1) 44... g4+ $19 45. Kh4 Kg6 {[%csl Gg6][%cal Rh6g5] [#] Black is clearly winning.} 46. Bf7+ Kxf7 (46... Nxf7 $142 47. Kxg4 Ne5+ 48. Kh3 Rd3+ 49. Kg2 Rg3+ 50. Kf2 Rxb3) 47. Bb8 Bg7 48. Bxe5 Bxe5 49. Kxg4 {[%mdl 4096] Endgame KRB-KR} Kg6 50. Rc1 Rg2+ 51. Kf3 Rg3+ 52. Ke4 Re3+ 53. Kd5 Kf5 54. Rh1 Rxb3 55. a4 Rd3+ 56. Kc4 Ke4 57. a5 f3 {[%cal Bf4f3,Bf3f2][%mdl 32]} 58. a6 Ra3 59. Re1+ Kf4 60. Kb5 f2 61. Rd1 Ra1 {Black used his chance.  Weighted Error Value: White=0.65/Black=0.24 (precise)} 0-1

[Event "Romanian-ch Women 2022"]
[Site "Eforie Nord"]
[Date "2022.02.23"]
[Round "5.10"]
[White "Pitigoi, Sabina-Andreea"]
[Black "Batagan, Ilinca-Petra"]
[Result "0-1"]
[WhiteElo "1766"]
[BlackElo "1881"]
[Annotator "NA RC"]
[PlyCount "86"]
[EventDate "2022.02.20"]
[EventType "swiss"]
[EventCountry "ROU"]
[SourceTitle "playchess.com"]
[Source "ChessBase"]
[SourceQuality "1"]
[TimeControl "40/5400+30:900+30"]

1. c4 {[%emt 0:00:03]} Nf6 {[%emt 0:00:36]} 2. Nf3 {[%emt 0:00:16]} e6 {[%emt 0:00:25]} 3. e3 {[%emt 0:00:10]} d5 {[%emt 0:00:37]} 4. b3 {[%emt 0:00:11]} Be7 {[%emt 0:00:44]} 5. Bb2 {[%emt 0:00:10]} O-O {[%emt 0:00:26]} 6. Nc3 {[%emt 0:01:51]} b6 {[%emt 0:00:53]} 7. cxd5 {[%emt 0:01:38]} exd5 {[%emt 0:00:21]} 8. Be2 {[%emt 0:00:13]} Bb7 {[%emt 0:00:33]} 9. O-O {[%emt 0:00:15]} c5 {[%emt 0:01:35]} 10. d4 {[%emt 0:00:29]} Nbd7 {[%emt 0:00:54]} 11. Rc1 {[%emt 0:01:40]} Rc8 {[%emt 0:01:32]} 12. dxc5 {[%emt 0:01:04]} bxc5 {[%emt 0:02:45]} 13. Na4 {[%emt 0:04:45]} Ne4 $11 {[%emt 0:11:33]} 14. Ne5 {[%emt 0:07:18]} Bf6 {[%emt 0:11:27]} 15. Nxd7 {[%emt 0:03:09]} Bxb2 {[%emt 0:02:13]} 16. Nxb2 {[%emt 0:09:06]} Qxd7 {[%emt 0:00:07]} 17. Bf3 {[%emt 0:02:40]} Qe7 {[%emt 0:05:43]} 18. Qd3 {[%emt 0:17:16]} Nf6 {[%emt 0:05:55]} 19. Rfe1 {[%emt 0:04:18]} Rfd8 {[%emt 0:01:03]} 20. Qf5 {[%emt 0:01:49]} Ne8 {[%emt 0:11:56]} 21. Qf4 {[%emt 0:07:25]} g6 {[%emt 0:11:41]} 22. h4 {[%emt 0:03:15]} Ng7 {[%emt 0:01:05]} 23. e4 {[%emt 0:04:31]} d4 {[%emt 0:06:18]} 24. Nd3 {[%emt 0:00:14]} Re8 {[%emt 0:01:12]} 25. Bg4 {[%emt 0:09:48]} Rc7 {[%emt 0:01:53]} 26. f3 {[%emt 0:03:35]} Ba6 {[%emt 0:02:12]} 27. Nb4 {[%emt 0:01:06]} Bb7 {[%emt 0:01:51]} 28. Nd5 {[%emt 0:02:19]} Bxd5 {[%emt 0:00:10]} 29. exd5 {[%emt 0:00:04]} Qd8 {[%emt 0:02:20]} 30. d6 {[%emt 0:01:43]} Rc6 {[%emt 0:01:51]} 31. d7 {[%emt 0:04:14]} Rxe1+ {[%emt 0:00:42]} 32. Rxe1 {[%emt 0:00:05]} f5 {[%emt 0:01:50]} 33. Qg5 {[%emt 0:05:34]} Qxd7 {[%emt 0:00:12]} 34. Re7 {[%emt 0:00:36]} h6 {[%emt 0:01:20]} 35. Rxd7 {[%emt 0:03:06]} hxg5 {[%emt 0:00:04]} 36. Bh3 {[%emt 0:00:22]} gxh4 {[%emt 0:00:20]} 37. Kf2 {[%emt 0:00:36]} Nh5 {[%emt 0:01:31]} 38. Ke1 {[%emt 0:01:16]} Ng3 {[%emt 0:02:28]} 39. Rxa7 {[%emt 0:00:32]} Kf8 {[%emt 0:02:46]} 40. Kd1 {[%emt 0:00:00]} Rd6 {[%emt 0:00:00]} 41. a4 {[%emt 0:04:19]} d3 {[%emt 0:06:45]} 42. Rc7 {[%emt 0:04:53]} d2 {[%emt 0:00:21]} 43. Rxc5 {[%emt 0:00:42]} Nh1 {[%emt 0:00:06]} 0-1

[Event "Romanian-ch Women 2022"]
[Site "Eforie Nord"]
[Date "2022.02.23"]
[Round "5.11"]
[White "Panainte, Andreea-Bianca"]
[Black "Hoanca, Alexia-Ioana"]
[Result "1-0"]
[WhiteElo "1865"]
[BlackElo "1710"]
[Annotator "NA RC"]
[PlyCount "97"]
[EventDate "2022.02.20"]
[EventType "swiss"]
[EventCountry "ROU"]
[SourceTitle "playchess.com"]
[Source "ChessBase"]
[SourceQuality "1"]
[TimeControl "40/5400+30:900+30"]

1. e4 {[%emt 0:00:30]} c6 {[%emt 0:00:08]} 2. d4 {[%emt 0:00:05]} d5 {[%emt 0:00:06]} 3. Nc3 {[%emt 0:00:04]} dxe4 {[%emt 0:00:05]} 4. Nxe4 {[%emt 0:00:04]} Bf5 {[%emt 0:00:23]} 5. Ng3 {[%emt 0:00:10]} Bg6 $1 {[%emt 0:00:08]} 6. h4 {[%emt 0:00:06]} h6 $1 {[%emt 0:00:04]} 7. h5 {[%emt 0:00:05]} Bh7 {[%emt 0:00:04]} 8. Nf3 {[%emt 0:00:17]} Nd7 {[%emt 0:00:15]} 9. Bd3 {[%emt 0:00:27]} Bxd3 {[%emt 0:00:22]} 10. Qxd3 {[%emt 0:00:09]} ({Don't play} 10. cxd3 Ngf6 $15) 10... e6 {[%emt 0:00:34]} 11. Bd2 {[%emt 0:00:29]} Qc7 {[%emt 0:00:45]} 12. O-O-O {[%emt 0:00:42]} O-O-O {[%emt 0:00:34]} 13. Ne4 {[%emt 0:05:52]} Ngf6 {[%emt 0:01:41]} 14. g3 {[%emt 0:02:47]} Nxe4 {[%emt 0:01:40]} 15. Qxe4 {[%emt 0:00:05]} Nf6 {[%emt 0:00:37]} 16. Qe2 {[%emt 0:00:18]} Bd6 {[%emt 0:07:16]} 17. c4 {[%emt 0:01:43]} c5 {[%emt 0:01:58]} 18. Bc3 {[%emt 0:01:15]} cxd4 {[%emt 0:01:49]} 19. Nxd4 $11 {[%emt 0:00:54]} Qe7 {[%emt 0:25:42]} 20. a3 {[%emt 0:12:17]} a6 {[%emt 0:08:06]} 21. b4 {[%emt 0:05:25]} Kb8 {[%emt 0:11:06]} 22. Kb1 {[%emt 0:01:25]} Bc7 {[%emt 0:02:16]} 23. c5 {[%emt 0:01:54]} Nd5 {[%emt 0:02:05]} 24. Bb2 {[%emt 0:00:06]} a5 {[%emt 0:09:04]} 25. Qb5 {[%emt 0:00:55]} Ka8 {[%emt 0:06:38]} 26. bxa5 {[%emt 0:05:32]} Bb8 {[%emt 0:01:22]} 27. a6 {[%emt 0:05:00]} bxa6 {[%emt 0:06:42]} 28. Qxa6+ {[%emt 0:00:10]} Qa7 {[%emt 0:00:15]} 29. Qc4 {[%emt 0:01:48]} Rc8 {[%emt 0:02:23]} 30. Rc1 {[%emt 0:01:30]} Bc7 {[%emt 0:06:32]} 31. Nc6 {[%emt 0:00:59]} Nb6 {[%emt 0:01:55]} 32. Nxa7 {[%emt 0:01:49]} Nxc4 {[%emt 0:00:10]} 33. Nxc8 {[%emt 0:00:11]} Nxb2 {[%emt 0:00:39]} 34. Kxb2 {[%emt 0:00:17]} Be5+ {[%emt 0:00:44]} 35. Kb3 {[%emt 0:00:10]} Rxc8 {[%emt 0:00:05]} 36. Rhd1 {[%emt 0:00:29]} Kb7 {[%emt 0:01:17]} 37. Rd7+ {[%emt 0:00:15]} Kc6 {[%emt 0:00:15]} 38. Rcd1 {[%emt 0:03:02]} Ra8 {[%emt 0:01:56]} 39. f4 {[%emt 0:03:05]} Bc7 {[%emt 0:01:30]} 40. a4 {[%emt 0:00:00]} Rb8+ {[%emt 0:00:00]} 41. Ka3 {[%emt 0:06:50]} Ba5 {[%emt 0:01:53]} 42. Rxf7 {[%emt 0:00:26]} Kxc5 {[%emt 0:01:37]} 43. Rxg7 {[%emt 0:01:13]} Kc4 {[%emt 0:00:58]} 44. Rc1+ {[%emt 0:03:14]} Kd3 {[%emt 0:00:32]} 45. Ra7 {[%emt 0:01:39]} Bb4+ {[%emt 0:01:12]} 46. Ka2 {[%emt 0:00:15]} Bf8 {[%emt 0:00:20]} 47. Rb1 {[%emt 0:02:15]} Rc8 {[%emt 0:00:40]} 48. Rd7+ {[%emt 0:01:40]} Kc2 {[%emt 0:00:17]} 49. Rdd1 {[%emt 0:08:34]} 1-0